[Event "Hum na Sutli op 15th"]
[Site "Hum na Sutli"]
[Date "2023.08.27"]
[Round "2"]
[White "Tkalec, Jura"]
[Black "Globan, Tomislav"]
[Result "0-1"]
[WhiteElo "1677"]
[BlackElo "1922"]
[PlyCount "70"]
[EventDate "2023.08.26"]
[EventType "swiss"]
[EventRounds "9"]
[EventCountry "CRO"]
[SourceTitle "CBM 216 Extra"]
[Source "ChessBase"]
[SourceDate "2023.11.30"]
[SourceVersion "1"]
[SourceVersionDate "2023.11.30"]
[SourceQuality "1"]

1. d4 d5 2. c4 e6 3. Nf3 c5 4. cxd5 exd5 5. e3 a6 6. a4 Nc6 7. Be2 Nf6 8. 0-0 Be7 9. Nc3 0-0 10. Bd2 Be6 11. Qc2 Rc8 12. Rfd1 h6 13. Bf1 Re8 14. Qb3 Qd7 15. a5 c4 16. Qc2 Bf5 17. Qa4 Bd8 18. Ne2 Qe7 19. b3 Bc2 20. Rdc1 Bxb3 21. Qa3 Ne4 22. Qxe7 Rxe7 23. Be1 Bc7 24. Nc3 Nf6 25. g3 Rd8 26. Na4 Bxa4 27. Rxa4 Ne4 28. Nd2 Bxa5 29. Rxa5 Nxa5 30. Bg2 Nxd2 31. Bxd2 Nb3 32. Bb4 Nxc1 33. Bxe7 Rd7 34. Ba3 Na2 35. Kf1 b5 0-1